| 000 | 01464cam a2200373 a 4500 | ||
|---|---|---|---|
| 001 | 692715 | ||
| 003 | OSt | ||
| 005 | 20160302141657.0 | ||
| 008 | 961007s1997 enk b 001 0 eng | ||
| 010 | _a 96047238 | ||
| 020 | _a1856491412 | ||
| 020 | _a1856491420 (pbk.) | ||
| 040 |
_aDLC _cDLC _dDLC |
||
| 043 | _ad------ | ||
| 050 | 0 | 0 |
_aHQ1240 _b.W6568 1996 |
| 082 | 0 | 0 |
_a305.4 _221 _bWOM 1997 |
| 245 | 0 | 4 |
_aThe women, gender, and development reader / _cedited by Nalini Visvanathan (co-ordinator) ; Lynn Duggan, Laurie Nisonoff, and Nan Wiegersma. |
| 260 |
_aLondon ; _aAtlantic Highlands, N.J. : _bZed Books, _c1997. |
||
| 300 |
_axiii, 396 p. ; _c24 cm. |
||
| 504 | _aIncludes bibliographical references and index. | ||
| 650 | 0 |
_aWomen in development. _91047 |
|
| 650 | 0 |
_aWomen _xSocial conditions. _96975 |
|
| 650 | 0 |
_aWomen _xEconomic conditions. _96976 |
|
| 650 | 0 |
_aWomen _zDeveloping countries. _96977 |
|
| 700 | 1 |
_aVisvanathan, Nalini, _d1945- _96978 |
|
| 700 | 1 |
_aDuggan, Lynn, _d1956- _96979 |
|
| 700 | 1 |
_aNisonoff, Laurie, _d1949- _96980 |
|
| 700 | 1 |
_aWiegersma, Nancy. _96981 |
|
| 856 | 4 | 2 |
_3Publisher description _uhttp://www.loc.gov/catdir/description/hol055/96047238.html |
| 856 | 4 | 1 |
_3Table of contents _uhttp://www.loc.gov/catdir/toc/hol052/96047238.html |
| 906 |
_a7 _bcbc _corignew _d1 _eocip _f19 _gy-gencatlg |
||
| 942 |
_2ddc _cSLOAN |
||
| 999 |
_c3136 _d3136 |
||